| 000 | 00341nam a2200133Ia 4500 | ||
|---|---|---|---|
| 008 | 240624s9999 xx 000 0 und d | ||
| 041 | _aeng | ||
| 082 | _a658.409 WIL | ||
| 100 | _aWILLIAMS TAFFY | ||
| 245 | _aTHINK AGILE HOW SMART ENTREPRENEURS ADAP | ||
| 260 |
_c2015 _aNew York _bAmacom |
||
| 300 | _axiv, 210 p.; 23 cm. | ||
| 365 |
_c _b38 |
||
| 999 |
_c31633 _d31633 |
||